000 00570nam a2200217Ia 4500
003 OSt
005 20220918192758.0
006 a|||||r|||| 00| 0
007 ta
008 220917b |||||||| |||| 00| 0 eng d
024 _a70,232
037 _cTextual
040 _aARTS
_cARTS
_beng
041 _2eng
_aeng
082 _aR34, A.2;2
100 _aLecky W E H
_980144
245 0 _aHistory of the rise and influence of the spirit of rationalism in Europe
260 _c1800
942 _hR34, A.2;2
_cTEXL
_2CC
999 _c196331
_d196331